Cars Movie Quotes Quiz - Statistics

General Stats
  • This quiz has been taken 490 times
  • The average score is 12 of 20
Answer Stats
Hint Answer % Correct
"OK... Here we go. Focus. _____. I am _____." - Lightning McQueen speed
99%
"You know, 'cause _____ always comes after lightning. Ka-ping! Ka-pow!" - McQueen thunder
92%
"Well, you know, racecars don't need headlights, because the track is always _____." - McQueen"Yeah, well, so is my brother, but he still needs headlights." - Rusty lit
85%
"Turn right to go _____!" - McQueen left
82%
"No, no, no, no! No _____, just gas!" - McQueen"What? You need _____, you idiot!" - Chuck tires
82%
"What did Luigi tell you, eh?" - Luigi"Wow, you were right. Better than a _____, huh?" - McQueen "Eh... No." - Luigi Ferrari
72%
"You just gave up the Piston Cup, you know that?" - The King"This grumpy old racecar I know once told me somethin'. It's just an _____ _____." - McQueen empty cup
70%
"I don't mean to be rude here, but you probably go zero to sixty in, like, what? Three-point-five _____?" - McQueen years
70%
"Fly away, _____. Be free!" - Fillmore Stanley
69%
"Hey, first one to _____ gets Dinoco all to himself." - Chick Hicks California
66%
"Nothing soothes a rusty bumper like Rust-eze. Wow! Look at that _____!" - McQueen shine
66%
"Float like a Cadillac, sting like a _____." - McQueen Beemer
63%
"I'm telling you, man, every third _____ is slower." - Fillmore"The sixties weren't good to you, were they?" - Sarge blink
63%
"Hey, yo, D.J." - Boost"What up?" - D.J. "We got ourselves a _____." - Boost nodder
61%
"I'm the world's best _____ _____! You just watch this right here, lover boy." - Mater backwards driver
50%
"Don't leave me here! I'm in _____ hell! My IQ's dropping by the second! I'm becoming one of them!" - McQueen hillbilly
39%
"I shouldn't have to put up with this. I'm a precision instrument of speed and _____." - McQueen aerodynamics
33%
"[Sally is] the town attorney and my _____." - Mater"What?" - McQueen "Nah, I'm just kiddin'. She just likes me for my body." - Mater fiancee
30%
"While I'm stuck here paving this stinkin' road, Chick's in California _____ing Dinoco." - McQueen schmooz
27%
"Cars didn't drive on it to make _____ _____. They drove on it to have a _____ _____." - Sally great time
24%
No matching quizzes found
Score Distribution
Percent of People with Each Score
Percentile by Number Answered
Your Score History
You have not taken this quiz